ازادي هندستان كا اردو ادب ١٩٦٢-١٩٤٧ // Azadi Hindustan ka Urdu literature 1962-1947 / (Record no. 81333)
[ view plain ]
| 000 -LEADER | |
|---|---|
| fixed length control field | 00695naa a2200205 a 4500 |
| 001 - CONTROL NUMBER | |
| control field | 81333 |
| 003 - CONTROL NUMBER IDENTIFIER | |
| rucl marc code | BD-RjUL |
| 005 - DATE AND TIME OF LATEST TRANSACTION | |
| control field | 20230409114435.0 |
| 008 - FIXED-LENGTH DATA ELEMENTS--GENERAL INFORMATION | |
| fixed length control field | 230409s1981 ii ||||| |||| 00| 0 urd d |
| 035 ## - SYSTEM CONTROL NUMBER | |
| System control number | (BD-RjUL) 81333 |
| 040 ## - CATALOGING SOURCE | |
| Original cataloging agency | BD-RjUL |
| Language of cataloging | eng |
| Transcribing agency | BD-RjUL |
| 041 ## - LANGUAGE CODE | |
| Language code of text/sound track or separate title | urd |
| 082 ## - DEWEY DECIMAL CLASSIFICATION NUMBER | |
| Edition number | 23 |
| Classification number | 891.439054 |
| Author mark and year | ZAA 1981 |
| 100 ## - MAIN ENTRY--PERSONAL NAME | |
| Personal name | ذاكر٫ محمد //Zakir, Muhammad |
| 9 (RLIN) | 7297 |
| 245 ## - TITLE STATEMENT | |
| Title | ازادي هندستان كا اردو ادب ١٩٦٢-١٩٤٧ // Azadi Hindustan ka Urdu literature 1962-1947 / |
| Statement of responsibility, etc. | Muhammad Zakir //محمد ذاكر |
| 260 ## - PUBLICATION, DISTRIBUTION, ETC. (IMPRINT) | |
| Place of publication, distribution, etc. | دہلے:Delhi: |
| Name of publisher, distributor, etc. | Maktabat i Jamia , |
| Date of publication, distribution, etc. | 1981 |
| 300 ## - PHYSICAL DESCRIPTION | |
| Pagination | 386 p. ; |
| Size | 18 cm |
| 650 ## - SUBJECT ADDED ENTRY--TOPICAL TERM | |
| Topical term or geographic name as entry element | Urdu Literature |
| Geographic subdivision | India |
| 9 (RLIN) | 7298 |
| 942 ## - ADDED ENTRY ELEMENTS (KOHA) | |
| Source of classification or shelving scheme | Dewey Decimal Classification |
| Koha item type | Books |
| Lost status | Source of classification or shelving scheme | Damaged status | Not for loan | Collection code | Permanent Location | Current Location | Shelving location | Date acquired | Source of acquisition | Cost, normal purchase price | Total Checkouts | Full call number | Date last seen | Copy number | Koha item type |
|---|---|---|---|---|---|---|---|---|---|---|---|---|---|---|---|
| Dewey Decimal Classification | Not For Loan | Non-fiction | Central Library, University of Rajshahi | Central Library, University of Rajshahi | Reading Room | 09/01/1965 | Asociatic Thought Tulip | 25.50 | U 891.439054 ZAA 1981 | 09/04/2023 | C-1 | Books |